[Event "6th Ferdowsi International Chess Open Tournament"]
[Site "Mashhad"]
[Date "2016.01.30"]
[Round "2"]
[Board "10"]
[White "Mirzoev, Azer"]
[Black "Ghesmati, Aryan"]
[Result "1-0"]
[WhiteElo "2539"]
[BlackElo "1888"]
[PlyCount "0"]
[EventDate "2016.01.29"]
[EventRounds "9"]
[EventCountry "IRI"]

1. d4 {[%clk 1:26:41]} d5 {[%clk 1:30:40]} 2. Nf3 {[%clk 1:27:05]} c6
{[%clk 1:30:07]} 3. c4 {[%clk 1:27:28]} e6 {[%clk 1:30:11]} 4. Qc2
{[%clk 1:27:37]} Nf6 {[%clk 1:29:57]} 5. Bg5 {[%clk 1:27:52]} Be7
{[%clk 1:30:04]} 6. e3 {[%clk 1:28:15]} O-O {[%clk 1:29:53]} 7. Nc3
{[%clk 1:28:37]} Nbd7 {[%clk 1:29:25]} 8. a3 {[%clk 1:28:12]} a5 {[%clk 1:27:35]}
9. Bd3 {[%clk 1:25:20]} dxc4 {[%clk 1:23:34]} 10. Bxc4 {[%clk 1:25:46]} b5
{[%clk 1:23:46]} 11. Be2 {[%clk 1:25:39]} Bb7 {[%clk 1:23:26]} 12. O-O
{[%clk 1:25:50]} b4 {[%clk 1:22:33]} 13. Na4 {[%clk 1:19:54]} Rc8
{[%clk 1:17:25]} 14. axb4 {[%clk 1:19:58]} Bxb4 {[%clk 1:16:15]} 15. Ne5
{[%clk 1:16:55]} Qc7 {[%clk 1:09:03]} 16. Bxf6 {[%clk 1:15:14]} Nxf6
{[%clk 1:09:07]} 17. Nc5 {[%clk 1:15:35]} Bxc5 {[%clk 1:08:11]} 18. Qxc5
{[%clk 1:15:52]} Ra8 {[%clk 1:08:05]} 19. Bf3 {[%clk 1:15:26]} Rfc8
{[%clk 1:06:45]} 20. Rfc1 {[%clk 1:15:37]} Ra6 {[%clk 1:06:49]} 21. h3
{[%clk 1:14:13]} Qd8 {[%clk 1:02:48]} 22. Ra3 {[%clk 1:13:39]} Nd5
{[%clk 1:02:36]} 23. Rca1 {[%clk 1:07:25]} Rca8 {[%clk 0:59:54]} 24. Nd3
{[%clk 1:06:33]} Bc8 {[%clk 0:57:40]} 25. Ne5 {[%clk 1:05:26]} Bb7
{[%clk 0:57:33]} 26. Nc4 {[%clk 1:04:25]} a4 {[%clk 0:57:20]} 27. Bd1
{[%clk 0:51:28]} Nb6 {[%clk 0:52:42]} 28. Nd6 {[%clk 0:50:57]} Qc7
{[%clk 0:51:20]} 29. Ne4 {[%clk 0:51:11]} Ra5 {[%clk 0:49:40]} 30. Qd6
{[%clk 0:49:10]} Qc8 {[%clk 0:49:18]} 31. Rc1 {[%clk 0:48:41]} Rb5
{[%clk 0:44:28]} 32. Ra2 {[%clk 0:47:35]} Rd5 {[%clk 0:37:31]} 33. Qg3
{[%clk 0:46:48]} Kh8 {[%clk 0:36:47]} 34. Bf3 {[%clk 0:46:25]} Rd7
{[%clk 0:32:51]} 35. Nc5 {[%clk 0:45:41]} Rc7 {[%clk 0:33:01]} 36. Rca1
{[%clk 0:46:01]} h6 {[%clk 0:31:51]} 37. Bd1 {[%clk 0:45:52]} Ba6
{[%clk 0:29:39]} 38. Bxa4 {[%clk 0:45:43]} Nxa4 {[%clk 0:26:59]} 39. Rxa4
{[%clk 0:45:55]} Rca7 {[%clk 0:27:00]} 40. Qd6 {[%clk 0:45:36]} Kg8
{[%clk 0:26:59]} 41. b4 {[%clk 0:45:40]} 1-0

[Event "6th Ferdowsi International Chess Open Tournament"]
[Site "Mashhad"]
[Date "2016.01.30"]
[Round "2"]
[Board "11"]
[White "Esmaeili, Sanaz"]
[Black "Chigaev, Maksim"]
[Result "0-1"]
[WhiteElo "1795"]
[BlackElo "2526"]
[PlyCount "0"]
[EventDate "2016.01.29"]
[EventRounds "9"]
[EventCountry "IRI"]

1. d4 Nf6 2. c4 g6 3. Nf3 Bg7 4. Nc3 O-O 5. e3 d6 6. Bd3 Nbd7 7. O-O e5 8. Qc2
Re8 {[%clk 1:24:30]} 9. b3 {[%clk 1:20:40]} b6 {[%clk 1:21:05]} 10. Rb1
{[%clk 1:13:28]} Bb7 {[%clk 1:20:29]} 11. d5 {[%clk 1:09:53]} Nc5
{[%clk 1:19:03]} 12. e4 {[%clk 1:09:23]} Nxd3 {[%clk 1:18:44]} 13. Qxd3
{[%clk 1:09:45]} Nd7 {[%clk 1:17:41]} 14. b4 {[%clk 1:06:22]} Qe7
{[%clk 1:17:29]} 15. Re1 {[%clk 1:04:55]} Rf8 {[%clk 1:16:54]} 16. Nb5
{[%clk 0:59:50]} a6 {[%clk 1:14:59]} 17. Nc3 {[%clk 0:57:59]} h6 {[%clk 1:14:19]}
18. g3 {[%clk 0:54:02]} f5 {[%clk 1:13:06]} 19. Nh4 {[%clk 0:48:14]} Qf7
{[%clk 1:13:27]} 20. exf5 {[%clk 0:44:46]} gxf5 {[%clk 1:13:48]} 21. Qe2
{[%clk 0:36:57]} b5 {[%clk 1:10:18]} 22. cxb5 {[%clk 0:32:05]} Nb6
{[%clk 1:10:31]} 23. bxa6 {[%clk 0:28:41]} Bxa6 {[%clk 1:10:47]} 24. Qd1
{[%clk 0:24:40]} e4 {[%clk 1:06:09]} 25. Ne2 {[%clk 0:22:52]} Bd3
{[%clk 1:05:35]} 26. Rb3 {[%clk 0:21:59]} Rxa2 {[%clk 1:05:46]} 27. Ra3
{[%clk 0:18:46]} Bc2 {[%clk 1:04:03]} 0-1

[Event "6th Ferdowsi International Chess Open Tournament"]
[Site "Mashhad"]
[Date "2016.01.30"]
[Round "2"]
[Board "12"]
[White "Rasulov, Vugar"]
[Black "Torshizi Ghorbani, Mohammad Ho"]
[Result "1-0"]
[WhiteElo "2493"]
[BlackElo "1840"]
[PlyCount "0"]
[EventDate "2016.01.29"]
[EventRounds "9"]
[EventCountry "IRI"]

1. e4 {[%clk 1:24:40]} e5 {[%clk 1:30:38]} 2. Nf3 {[%clk 1:24:54]} Nc6
{[%clk 1:30:53]} 3. Bc4 {[%clk 1:24:24]} Nf6 {[%clk 1:30:56]} 4. d3
{[%clk 1:24:46]} Bc5 {[%clk 1:30:28]} 5. Nc3 {[%clk 1:23:20]} d6 {[%clk 1:29:59]}
6. h3 {[%clk 1:22:34]} h6 {[%clk 1:29:14]} 7. Na4 {[%clk 1:22:57]} Bb6
{[%clk 1:27:27]} 8. O-O {[%clk 1:22:16]} O-O {[%clk 1:26:35]} 9. Nxb6
{[%clk 1:21:51]} axb6 {[%clk 1:26:46]} 10. c3 {[%clk 1:22:02]} Be6
{[%clk 1:23:35]} 11. Bxe6 {[%clk 1:20:54]} fxe6 {[%clk 1:23:41]} 12. Re1
{[%clk 1:21:19]} Nh5 {[%clk 1:17:14]} 13. d4 {[%clk 1:16:39]} exd4
{[%clk 1:16:22]} 14. cxd4 {[%clk 1:15:48]} Qf6 {[%clk 1:12:40]} 15. a3
{[%clk 1:10:25]} e5 {[%clk 1:04:14]} 16. Be3 {[%clk 1:08:48]} Nf4
{[%clk 1:03:29]} 17. d5 {[%clk 1:07:49]} Ne7 {[%clk 1:03:15]} 18. Rc1
{[%clk 1:07:05]} Rac8 {[%clk 1:02:42]} 19. Bxf4 {[%clk 1:06:27]} exf4
{[%clk 1:02:30]} 20. Qd4 {[%clk 1:02:01]} Qf7 {[%clk 0:59:45]} 21. Qd2
{[%clk 0:58:44]} Ng6 {[%clk 0:57:27]} 22. Nd4 {[%clk 0:58:29]} Rfe8
{[%clk 0:56:35]} 23. Rc3 {[%clk 0:57:51]} Ne5 {[%clk 0:56:05]} 24. Rec1
{[%clk 0:57:45]} Re7 {[%clk 0:52:31]} 25. Nf5 {[%clk 0:57:06]} Rd7
{[%clk 0:52:51]} 26. Qxf4 {[%clk 0:57:09]} Kh7 {[%clk 0:52:08]} 27. Qd2
{[%clk 0:56:38]} 1-0

[Event "6th Ferdowsi International Chess Open Tournament"]
[Site "Mashhad"]
[Date "2016.01.30"]
[Round "3"]
[Board "1"]
[White "Guseinov, Gadir"]
[Black "Fendereski, Nima"]
[Result "1-0"]
[WhiteElo "2646"]
[BlackElo "2239"]
[PlyCount "0"]
[EventDate "2016.01.29"]
[EventRounds "9"]
[EventCountry "IRI"]

1. e4 {[%clk 1:30:56]} c5 {[%clk 1:30:07]} 2. Nf3 {[%clk 1:31:24]} g6
{[%clk 1:30:31]} 3. c3 {[%clk 1:31:50]} Bg7 {[%clk 1:30:54]} 4. d4
{[%clk 1:32:17]} cxd4 {[%clk 1:30:32]} 5. cxd4 {[%clk 1:32:46]} d5
{[%clk 1:30:47]} 6. e5 {[%clk 1:33:10]} Bg4 {[%clk 1:31:03]} 7. Bb5+
{[%clk 1:33:35]} Nd7 {[%clk 1:28:31]} 8. O-O {[%clk 1:32:25]} a6 {[%clk 1:21:01]}
9. Bxd7+ {[%clk 1:30:26]} Qxd7 {[%clk 1:20:59]} 10. Nbd2 {[%clk 1:27:14]} f6
{[%clk 1:10:22]} 11. h3 {[%clk 1:19:50]} Bxf3 {[%clk 0:50:27]} 12. Nxf3
{[%clk 1:19:54]} Nh6 {[%clk 0:50:25]} 13. Re1 {[%clk 1:15:28]} fxe5
{[%clk 0:44:34]} 14. Nxe5 {[%clk 1:11:28]} Bxe5 {[%clk 0:42:31]} 15. Bxh6
{[%clk 1:08:42]} Bf6 {[%clk 0:42:26]} 16. Qf3 {[%clk 0:54:57]} Qf5
{[%clk 0:38:18]} 17. Qe3 {[%clk 0:55:05]} Rg8 {[%clk 0:14:08]} 18. g4
{[%clk 0:53:56]} Qd7 {[%clk 0:14:23]} 19. Qf3 {[%clk 0:53:54]} Bg7
{[%clk 0:12:21]} 20. Bxg7 {[%clk 0:50:39]} Rxg7 {[%clk 0:12:47]} 21. Rac1
{[%clk 0:50:29]} Rf7 {[%clk 0:12:49]} 22. Qg3 {[%clk 0:50:45]} Rc8
{[%clk 0:09:44]} 23. Qe5 {[%clk 0:49:54]} h5 {[%clk 0:08:13]} 24. Qh8+
{[%clk 0:47:56]} Rf8 {[%clk 0:07:56]} 25. Rxc8+ {[%clk 0:48:20]} Qxc8
{[%clk 0:08:19]} 26. Qg7 {[%clk 0:48:42]} Qc7 {[%clk 0:07:23]} 27. Qxg6+
{[%clk 0:49:03]} Kd8 {[%clk 0:07:40]} 28. Qxh5 {[%clk 0:49:10]} Qa5
{[%clk 0:06:13]} 29. Qe5 {[%clk 0:49:18]} 1-0

[Event "6th Ferdowsi International Chess Open Tournament"]
[Site "Mashhad"]
[Date "2016.01.30"]
[Round "3"]
[Board "2"]
[White "Molaei, Mohammadamin"]
[Black "Tiviakov, Sergei"]
[Result "0-1"]
[WhiteElo "2230"]
[BlackElo "2611"]
[PlyCount "0"]
[EventDate "2016.01.29"]
[EventRounds "9"]
[EventCountry "IRI"]

1. d4 {[%clk 1:28:01]} Nf6 {[%clk 1:30:53]} 2. c4 {[%clk 1:28:25]} e6
{[%clk 1:31:19]} 3. Nf3 {[%clk 1:28:49]} b6 {[%clk 1:31:43]} 4. g3
{[%clk 1:29:02]} c6 {[%clk 1:30:45]} 5. Bg2 {[%clk 1:29:07]} d5 {[%clk 1:30:55]}
6. O-O {[%clk 1:29:08]} Be7 {[%clk 1:30:41]} 7. Qc2 {[%clk 1:29:25]} O-O
{[%clk 1:30:53]} 8. Rd1 {[%clk 1:28:15]} Bb7 {[%clk 1:20:50]} 9. Nbd2
{[%clk 1:26:22]} Na6 {[%clk 1:18:57]} 10. e4 {[%clk 1:24:26]} Rc8
{[%clk 1:18:22]} 11. e5 {[%clk 1:22:53]} Nd7 {[%clk 1:18:21]} 12. a3
{[%clk 1:14:10]} c5 {[%clk 1:17:52]} 13. dxc5 {[%clk 1:10:21]} Naxc5
{[%clk 0:57:39]} 14. b4 {[%clk 1:05:58]} Ne4 {[%clk 0:57:13]} 15. Nxe4
{[%clk 1:02:39]} dxe4 {[%clk 0:55:25]} 16. Ng5 {[%clk 0:59:08]} Bxg5
{[%clk 0:52:28]} 17. Bxg5 {[%clk 0:59:23]} Qxg5 {[%clk 0:52:49]} 18. Rxd7
{[%clk 0:59:46]} Qxe5 {[%clk 0:52:23]} 19. Re1 {[%clk 0:59:41]} Bd5
{[%clk 0:52:06]} 20. Bxe4 {[%clk 0:32:45]} f5 {[%clk 0:52:15]} 21. Qd2
{[%clk 0:32:51]} Bxe4 {[%clk 0:51:00]} 22. f3 {[%clk 0:32:59]} Rxc4
{[%clk 0:49:00]} 23. fxe4 {[%clk 0:32:26]} Rxe4 {[%clk 0:32:43]} 24. Rxe4
{[%clk 0:31:32]} fxe4 {[%clk 0:33:08]} 25. Qd4 {[%clk 0:25:46]} Qg5
{[%clk 0:32:35]} 26. Kg2 {[%clk 0:25:24]} e3 {[%clk 0:32:55]} 27. h4
{[%clk 0:14:34]} Qf6 {[%clk 0:32:49]} 28. Qxf6 {[%clk 0:14:13]} Rxf6
{[%clk 0:33:14]} 29. Rd8+ {[%clk 0:14:33]} Kf7 {[%clk 0:33:23]} 30. Rd3
{[%clk 0:15:02]} e5 {[%clk 0:30:03]} 31. Rxe3 {[%clk 0:15:08]} Ke6
{[%clk 0:30:32]} 32. Rc3 {[%clk 0:12:37]} Rf7 {[%clk 0:30:56]} 33. Rc8
{[%clk 0:12:06]} e4 {[%clk 0:31:01]} 34. Re8+ {[%clk 0:10:50]} Kd5
{[%clk 0:31:22]} 35. a4 {[%clk 0:09:47]} Kd4 {[%clk 0:31:42]} 36. a5
{[%clk 0:09:59]} e3 {[%clk 0:29:06]} 37. axb6 {[%clk 0:09:32]} axb6
{[%clk 0:29:33]} 38. b5 {[%clk 0:09:45]} Rf2+ {[%clk 0:29:22]} 39. Kg1
{[%clk 0:09:47]} Rb2 {[%clk 0:29:47]} 40. Re7 {[%clk 0:09:28]} Rxb5
{[%clk 0:21:02]} 41. Rxg7 {[%clk 0:09:26]} Rb1+ {[%clk 0:21:27]} 42. Kg2
{[%clk 0:09:48]} e2 {[%clk 0:21:55]} 0-1

[Event "6th Ferdowsi International Chess Open Tournament"]
[Site "Mashhad"]
[Date "2016.01.30"]
[Round "3"]
[Board "3"]
[White "Grigoryan, Karen H."]
[Black "Gholami Orimi, Mahdi"]
[Result "1-0"]
[WhiteElo "2602"]
[BlackElo "2226"]
[PlyCount "0"]
[EventDate "2016.01.29"]
[EventRounds "9"]
[EventCountry "IRI"]

1. d4 {[%clk 1:30:52]} Nf6 {[%clk 1:31:20]} 2. c4 {[%clk 1:31:14]} e6
{[%clk 1:31:42]} 3. Nc3 {[%clk 1:31:34]} Bb4 {[%clk 1:32:06]} 4. e3
{[%clk 1:31:21]} O-O {[%clk 1:29:04]} 5. Nge2 {[%clk 1:31:44]} d6
{[%clk 1:26:58]} 6. a3 {[%clk 1:30:28]} Bxc3+ {[%clk 1:27:00]} 7. Nxc3
{[%clk 1:30:51]} Nbd7 {[%clk 1:26:49]} 8. Be2 {[%clk 1:30:48]} e5
{[%clk 1:26:03]} 9. O-O {[%clk 1:31:09]} Re8 {[%clk 1:23:16]} 10. b4
{[%clk 1:31:12]} c6 {[%clk 1:13:08]} 11. Bb2 {[%clk 1:27:30]} Nf8
{[%clk 1:08:38]} 12. dxe5 {[%clk 1:23:03]} dxe5 {[%clk 1:08:37]} 13. Qxd8
{[%clk 1:23:22]} Rxd8 {[%clk 1:09:04]} 14. Rfd1 {[%clk 1:23:34]} Bf5
{[%clk 1:06:15]} 15. Rxd8 {[%clk 1:21:32]} Rxd8 {[%clk 1:06:10]} 16. Rd1
{[%clk 1:21:55]} Rxd1+ {[%clk 1:05:42]} 17. Bxd1 {[%clk 1:22:19]} N6d7
{[%clk 0:49:22]} 18. c5 {[%clk 1:21:35]} f6 {[%clk 0:46:12]} 19. Bf3
{[%clk 1:17:42]} Kf7 {[%clk 0:43:07]} 20. Ne4 {[%clk 1:17:49]} Bxe4
{[%clk 0:42:47]} 21. Bxe4 {[%clk 1:18:13]} g6 {[%clk 0:42:52]} 22. g4
{[%clk 1:16:33]} Ne6 {[%clk 0:42:08]} 23. Kg2 {[%clk 1:16:33]} a5
{[%clk 0:41:25]} 24. h4 {[%clk 1:15:14]} axb4 {[%clk 0:38:06]} 25. axb4
{[%clk 1:15:38]} Nc7 {[%clk 0:37:05]} 26. Bc2 {[%clk 1:11:06]} Nd5
{[%clk 0:28:17]} 27. Bb3 {[%clk 1:10:20]} Ke7 {[%clk 0:26:21]} 28. Ba3
{[%clk 1:10:35]} Nc7 {[%clk 0:19:06]} 29. f4 {[%clk 1:07:44]} exf4
{[%clk 0:13:19]} 30. exf4 {[%clk 1:08:09]} Nb5 {[%clk 0:11:55]} 31. Bb2
{[%clk 1:08:04]} b6 {[%clk 0:11:28]} 32. Bg8 {[%clk 1:04:18]} bxc5
{[%clk 0:11:20]} 33. Bxh7 {[%clk 1:02:06]} Nf8 {[%clk 0:11:37]} 34. Bg8
{[%clk 1:02:29]} cxb4 {[%clk 0:12:05]} 35. h5 {[%clk 1:01:59]} gxh5
{[%clk 0:12:24]} 36. gxh5 {[%clk 1:02:25]} c5 {[%clk 0:06:31]} 37. h6
{[%clk 1:01:16]} Nd6 {[%clk 0:06:47]} 38. h7 {[%clk 1:00:43]} Ng6
{[%clk 0:07:07]} 39. Kf3 {[%clk 1:00:22]} c4 {[%clk 0:05:56]} 40. f5
{[%clk 0:59:08]} Nxf5 {[%clk 0:03:43]} 41. Bxc4 {[%clk 0:59:27]} Nh6
{[%clk 0:02:57]} 42. Bd4 {[%clk 0:58:40]} Nf7 {[%clk 0:02:47]} 43. Kg4
{[%clk 0:56:39]} Ng5 {[%clk 0:02:51]} 44. Bc5+ {[%clk 0:56:11]} Ke8
{[%clk 0:02:50]} 45. Kh5 {[%clk 0:56:09]} Nxh7 {[%clk 0:02:21]} 46. Kxg6
{[%clk 0:56:33]} Nf8+ {[%clk 0:02:46]} 47. Kf5 {[%clk 0:56:47]} Nd7
{[%clk 0:02:55]} 48. Bxb4 {[%clk 0:57:12]} Kd8 {[%clk 0:02:23]} 49. Bd6
{[%clk 0:57:02]} Nb6 {[%clk 0:01:33]} 50. Be6 {[%clk 0:57:11]} Nd7
{[%clk 0:01:00]} 51. Kg6 {[%clk 0:57:28]} Ke8 {[%clk 0:01:24]} 52. Bf5
{[%clk 0:57:16]} Kd8 {[%clk 0:01:03]} 53. Kf7 {[%clk 0:57:39]} Nb6
{[%clk 0:00:53]} 54. Kxf6 {[%clk 0:57:37]} Nc8 55. Bf4 {[%clk 0:57:41]} Ne7
{[%clk 0:01:35]} 56. Be6 {[%clk 0:57:48]} Nc6 {[%clk 0:01:55]} 57. Bd6
{[%clk 0:57:52]} Nd4 {[%clk 0:01:57]} 58. Bg4 {[%clk 0:58:11]} Nc6
{[%clk 0:01:09]} 59. Bf4 {[%clk 0:58:20]} Na7 {[%clk 0:01:07]} 60. Ke6
{[%clk 0:58:36]} Kc8 {[%clk 0:01:08]} 61. Kd6+ {[%clk 0:58:44]} Kb7
{[%clk 0:01:27]} 62. Kc5 {[%clk 0:59:09]} Ka6 {[%clk 0:01:35]} 63. Kd6
{[%clk 0:54:03]} Nb5+ {[%clk 0:01:33]} 64. Kd7 {[%clk 0:54:20]} Ka5
{[%clk 0:01:24]} 65. Bd2+ {[%clk 0:54:28]} Kb6 {[%clk 0:01:39]} 66. Be3+
{[%clk 0:54:47]} Ka5 {[%clk 0:02:03]} 67. Kc6 {[%clk 0:55:09]} Nc3
{[%clk 0:01:48]} 68. Bd2 {[%clk 0:55:25]} Kb4 {[%clk 0:01:53]} 69. Be6
{[%clk 0:55:48]} 1-0

[Event "6th Ferdowsi International Chess Open Tournament"]
[Site "Mashhad"]
[Date "2016.01.30"]
[Round "3"]
[Board "4"]
[White "Rahimian, Rastin"]
[Black "Ghaem Maghami, Ehsan"]
[Result "0-1"]
[WhiteElo "2130"]
[BlackElo "2594"]
[PlyCount "0"]
[EventDate "2016.01.29"]
[EventRounds "9"]
[EventCountry "IRI"]

1. d4 {[%clk 1:30:56]} Nf6 {[%clk 1:22:29]} 2. c4 {[%clk 1:31:02]} e6
{[%clk 1:22:39]} 3. Nc3 {[%clk 1:31:03]} Bb4 {[%clk 1:23:00]} 4. e3
{[%clk 1:30:40]} O-O {[%clk 1:21:57]} 5. Nge2 {[%clk 1:29:57]} d5
{[%clk 1:18:03]} 6. a3 {[%clk 1:28:11]} Be7 {[%clk 1:18:13]} 7. Nf4
{[%clk 1:17:55]} c6 {[%clk 1:18:09]} 8. Bd3 {[%clk 1:09:45]} Bd6 {[%clk 1:15:16]}
9. c5 {[%clk 1:03:18]} Bc7 {[%clk 1:15:19]} 10. Nh5 {[%clk 0:55:04]} e5
{[%clk 1:14:11]} 11. Nxf6+ {[%clk 0:54:36]} Qxf6 {[%clk 1:14:32]} 12. Qh5
{[%clk 0:54:59]} g6 {[%clk 1:14:06]} 13. Qf3 {[%clk 0:51:52]} Qe7
{[%clk 1:14:12]} 14. dxe5 {[%clk 0:52:05]} Nd7 {[%clk 1:12:35]} 15. O-O
{[%clk 0:47:23]} Nxe5 {[%clk 1:10:25]} 16. Qe2 {[%clk 0:47:23]} Qxc5
{[%clk 1:07:10]} 17. Bd2 {[%clk 0:45:31]} Nxd3 {[%clk 1:06:51]} 18. Qxd3
{[%clk 0:45:56]} Bf5 {[%clk 1:07:15]} 19. Qd4 {[%clk 0:44:31]} Qe7
{[%clk 1:05:52]} 20. Rfe1 {[%clk 0:39:30]} Rfe8 {[%clk 1:05:54]} 21. Rac1
{[%clk 0:31:04]} Be5 {[%clk 0:59:22]} 22. Qa4 {[%clk 0:30:31]} a6
{[%clk 0:58:33]} 23. g3 {[%clk 0:28:14]} b5 {[%clk 0:56:58]} 24. Qb3
{[%clk 0:27:11]} Qd7 {[%clk 0:57:18]} 25. f3 {[%clk 0:17:19]} d4 {[%clk 0:54:44]}
26. Nd1 {[%clk 0:14:10]} Rac8 {[%clk 0:48:02]} 27. e4 {[%clk 0:11:52]} Be6
{[%clk 0:47:57]} 28. Qd3 {[%clk 0:10:57]} c5 {[%clk 0:47:46]} 29. f4
{[%clk 0:10:31]} c4 {[%clk 0:47:02]} 30. Qb1 {[%clk 0:10:09]} Bg7
{[%clk 0:47:08]} 31. Rf1 {[%clk 0:09:14]} f5 {[%clk 0:46:46]} 32. e5
{[%clk 0:08:01]} Bd5 {[%clk 0:46:46]} 0-1

[Event "6th Ferdowsi International Chess Open Tournament"]
[Site "Mashhad"]
[Date "2016.01.30"]
[Round "3"]
[Board "5"]
[White "Gabuzyan, Hovhannes"]
[Black "Vojdani, Siavosh"]
[Result "1-0"]
[WhiteElo "2585"]
[BlackElo "2121"]
[PlyCount "0"]
[EventDate "2016.01.29"]
[EventRounds "9"]
[EventCountry "IRI"]

1. d4 {[%clk 1:30:50]} d5 {[%clk 1:27:58]} 2. Nf3 {[%clk 1:31:15]} Nf6
{[%clk 1:27:56]} 3. c4 {[%clk 1:31:40]} e6 {[%clk 1:28:19]} 4. g3
{[%clk 1:32:03]} Be7 {[%clk 1:28:29]} 5. Bg2 {[%clk 1:32:26]} O-O
{[%clk 1:28:47]} 6. Nbd2 {[%clk 1:32:49]} c5 {[%clk 1:25:09]} 7. dxc5
{[%clk 1:33:10]} dxc4 {[%clk 1:24:12]} 8. O-O {[%clk 1:33:35]} Bxc5
{[%clk 1:15:19]} 9. Nxc4 {[%clk 1:33:53]} b5 {[%clk 1:08:02]} 10. Nfe5
{[%clk 1:32:03]} Nd5 {[%clk 1:05:58]} 11. Ne3 {[%clk 1:32:27]} Bb7
{[%clk 1:04:26]} 12. Nxd5 {[%clk 1:32:51]} Bxd5 {[%clk 1:04:04]} 13. Bxd5
{[%clk 1:33:16]} Qxd5 {[%clk 1:03:15]} 14. Qxd5 {[%clk 1:33:40]} exd5
{[%clk 1:03:34]} 15. Bf4 {[%clk 1:33:19]} Bd4 {[%clk 0:57:02]} 16. Nf3
{[%clk 1:32:54]} Bf6 {[%clk 0:52:49]} 17. Rfd1 {[%clk 1:33:19]} Rd8
{[%clk 0:48:03]} 18. Rac1 {[%clk 1:33:45]} a6 {[%clk 0:44:46]} 19. Bc7
{[%clk 1:33:56]} Rc8 {[%clk 0:43:24]} 20. b3 {[%clk 1:34:15]} Nd7
{[%clk 0:38:36]} 21. Rxd5 {[%clk 1:34:23]} Nf8 {[%clk 0:38:50]} 22. Rdd1
{[%clk 1:34:14]} Ne6 {[%clk 0:37:45]} 23. Be5 {[%clk 1:34:39]} Bxe5
{[%clk 0:34:49]} 24. Nxe5 {[%clk 1:35:04]} Rxc1 {[%clk 0:32:31]} 25. Rxc1
{[%clk 1:35:32]} g6 {[%clk 0:31:29]} 26. Kf1 {[%clk 1:35:49]} a5 {[%clk 0:29:25]}
27. Ke1 {[%clk 1:35:54]} h5 {[%clk 0:25:18]} 28. h4 {[%clk 1:35:40]} Kg7
{[%clk 0:24:02]} 29. Kd2 {[%clk 1:35:53]} Rd8+ {[%clk 0:21:10]} 30. Nd3
{[%clk 1:36:04]} Kf6 {[%clk 0:19:56]} 31. Rc6 {[%clk 1:36:16]} b4
{[%clk 0:19:01]} 32. Ra6 {[%clk 1:36:24]} Rd5 {[%clk 0:19:21]} 33. e4
{[%clk 1:36:45]} Rb5 {[%clk 0:19:23]} 34. Ke3 {[%clk 1:37:11]} Kg7
{[%clk 0:18:52]} 35. Nb2 {[%clk 1:37:12]} Nc5 {[%clk 0:16:29]} 36. Ra7
{[%clk 1:37:31]} Nb7 {[%clk 0:15:35]} 37. Nc4 {[%clk 1:37:56]} Kf6
{[%clk 0:15:28]} 38. Kd4 {[%clk 1:38:12]} Ke6 {[%clk 0:15:07]} 39. f4
{[%clk 1:38:35]} f5 {[%clk 0:14:51]} 40. Ra6+ {[%clk 1:38:55]} Ke7
{[%clk 0:13:00]} 41. e5 {[%clk 1:39:18]} Nc5 {[%clk 0:12:33]} 42. Ra7+
{[%clk 1:39:08]} Kf8 {[%clk 0:11:55]} 43. Rxa5 {[%clk 1:39:03]} Ne6+
{[%clk 0:11:36]} 44. Ke3 {[%clk 1:39:27]} Rb7 {[%clk 0:11:46]} 45. Ra6
{[%clk 1:39:40]} Ke7 {[%clk 0:11:59]} 46. Na5 {[%clk 1:40:00]} 1-0

[Event "6th Ferdowsi International Chess Open Tournament"]
[Site "Mashhad"]
[Date "2016.01.30"]
[Round "3"]
[Board "6"]
[White "Godarz, Kasra"]
[Black "Maletin, Pavel"]
[Result "0-1"]
[WhiteElo "2123"]
[BlackElo "2580"]
[PlyCount "0"]
[EventDate "2016.01.29"]
[EventRounds "9"]
[EventCountry "IRI"]

1. e4 {[%clk 1:30:05]} c5 {[%clk 1:30:54]} 2. c3 {[%clk 1:30:01]} Nf6
{[%clk 1:31:20]} 3. e5 {[%clk 1:30:22]} Nd5 {[%clk 1:31:41]} 4. d4
{[%clk 1:30:46]} cxd4 {[%clk 1:32:04]} 5. Nf3 {[%clk 1:31:08]} d6
{[%clk 1:32:26]} 6. cxd4 {[%clk 1:31:30]} Nc6 {[%clk 1:32:49]} 7. Bc4
{[%clk 1:31:19]} dxe5 {[%clk 1:33:14]} 8. Bxd5 {[%clk 1:31:36]} Qxd5
{[%clk 1:33:37]} 9. Nc3 {[%clk 1:31:57]} Qd6 {[%clk 1:33:46]} 10. d5
{[%clk 1:31:28]} Nd8 {[%clk 1:34:09]} 11. O-O {[%clk 1:27:26]} f6
{[%clk 1:31:29]} 12. Be3 {[%clk 1:24:55]} b6 {[%clk 1:21:24]} 13. Rc1
{[%clk 1:12:44]} Qd7 {[%clk 1:18:05]} 14. Qb3 {[%clk 0:53:23]} Ba6
{[%clk 1:16:51]} 15. Rfd1 {[%clk 0:53:37]} Nf7 {[%clk 1:17:01]} 16. d6
{[%clk 0:52:13]} Nxd6 {[%clk 1:12:18]} 17. Nd5 {[%clk 0:51:49]} Rc8
{[%clk 1:12:12]} 18. Nd2 {[%clk 0:42:29]} e6 {[%clk 1:09:35]} 19. Nb4
{[%clk 0:40:23]} Rxc1 {[%clk 1:08:23]} 20. Rxc1 {[%clk 0:40:41]} Bb7
{[%clk 1:08:45]} 21. Rd1 {[%clk 0:36:45]} Be7 {[%clk 1:05:59]} 22. Nc4
{[%clk 0:33:14]} O-O {[%clk 1:06:06]} 23. f4 {[%clk 0:33:33]} b5 {[%clk 0:57:27]}
24. Nxe5 {[%clk 0:31:02]} fxe5 {[%clk 0:57:45]} 25. fxe5 {[%clk 0:31:23]} a5
{[%clk 0:57:21]} 26. exd6 {[%clk 0:28:45]} Bxd6 {[%clk 0:57:09]} 27. Qd3
{[%clk 0:29:00]} Rd8 {[%clk 0:48:02]} 28. Bb6 {[%clk 0:28:25]} Be4
{[%clk 0:48:15]} 29. Qxe4 {[%clk 0:11:08]} Bc5+ {[%clk 0:48:35]} 30. Bxc5
{[%clk 0:11:32]} Qxd1+ {[%clk 0:49:03]} 31. Kf2 {[%clk 0:11:56]} Qd2+
{[%clk 0:48:17]} 32. Kf3 {[%clk 0:11:44]} axb4 {[%clk 0:48:28]} 33. Qxe6+
{[%clk 0:11:20]} Kh8 {[%clk 0:48:52]} 34. Qe7 {[%clk 0:11:38]} Qd5+
{[%clk 0:46:58]} 35. Kf2 {[%clk 0:10:14]} Qf5+ {[%clk 0:46:48]} 36. Ke2
{[%clk 0:08:50]} Qh5+ {[%clk 0:46:57]} 37. Kf2 {[%clk 0:07:27]} Re8
{[%clk 0:47:13]} 38. Qd6 {[%clk 0:07:12]} Qf5+ {[%clk 0:45:49]} 39. Kg3
{[%clk 0:07:19]} Qg5+ {[%clk 0:46:12]} 40. Kh3 {[%clk 0:07:08]} Rd8
{[%clk 0:46:32]} 41. Qb6 {[%clk 0:05:18]} h5 {[%clk 0:45:48]} 42. g3
{[%clk 0:05:16]} Qf5+ {[%clk 0:44:36]} 43. Kg2 {[%clk 0:05:44]} Rd2+
{[%clk 0:44:50]} 44. Bf2 {[%clk 0:06:07]} Rxb2 {[%clk 0:44:46]} 45. Qa7
{[%clk 0:06:31]} Kh7 {[%clk 0:44:58]} 46. Kg1 {[%clk 0:06:37]} Qe4
{[%clk 0:43:35]} 0-1